[Event "Lloyds Bank Masters 2nd"]
[Site "London, Cumberland Hotel"]
[Date "1978.08.26"]
[Round "4.3"]
[White "Littlewood, Paul E"]
[Black "Povah, Nigel Edward"]
[Result "1-0"]
[WhiteElo "2345"]
[BlackElo "2350"]
[PlyCount "93"]
[EventDate "1978.08.24"]
[EventType "swiss"]
[EventRounds "10"]
[EventCountry "ENG"]
[SourceTitle "BritBase"]
[Source "John Saunders"]
[SourceDate "2023.12.16"]
[SourceVersion "1"]
[SourceVersionDate "2023.12.16"]
[SourceQuality "1"]

1. e4 d5 2. exd5 Nf6 3. c4 c6 4. Nc3 cxd5 5. d4 Nc6 6. Bg5 Qa5 7. Qd2 e5 8. Nf3
Ne4 9. Nxe4 dxe4 10. Qxa5 Nxa5 11. Nxe5 Bb4+ 12. Bd2 Bxd2+ 13. Kxd2 f6 14. b4
fxe5 15. d5 Nxc4+ 16. Bxc4 Ke7 17. Bb3 Bf5 18. Rac1 Rac8 19. Rc5 b6 20. Rc6 Bd7
21. d6+ Kf6 22. Rc7 Rxc7 23. dxc7 Rc8 24. Rc1 Ke7 25. Ke3 Kd6 26. Kxe4 Bc6+ 27.
Kf5 Bd7+ 28. Kg5 Bc6 29. Kf5 Bd7+ 30. Kg5 Bc6 31. f3 a6 32. h4 e4 33. fxe4 Bxe4
34. Re1 Bxg2 35. Re6+ Kxc7 36. Re7+ Kc6 37. Rxg7 Be4 38. a4 Rf8 39. Rf7 Rxf7
40. Bxf7 Bd3 41. Kh6 b5 42. a5 Kd6 43. Bg8 Ke5 44. Bxh7 Be2 45. Kg5 Kd4 46. Bf5
Kc3 47. Bg4 1-0

[Event "Lloyds Bank Masters 2nd"]
[Site "London, Cumberland Hotel"]
[Date "1978.08.26"]
[Round "4.4"]
[White "Shamkovich, Leonid A"]
[Black "Basman, Michael John"]
[Result "1-0"]
[WhiteElo "2485"]
[BlackElo "2395"]
[PlyCount "79"]
[EventDate "1978.08.24"]
[EventType "swiss"]
[EventRounds "10"]
[EventCountry "ENG"]
[SourceTitle "BritBase"]
[Source "John Saunders"]
[SourceDate "2023.12.16"]
[SourceVersion "1"]
[SourceVersionDate "2023.12.16"]
[SourceQuality "1"]

1. e4 b6 2. d4 Bb7 3. Nc3 e6 4. a3 g6 5. Nf3 Bg7 6. d5 Ne7 7. Bc4 O-O 8. O-O
exd5 9. exd5 Bxc3 10. bxc3 Nf5 11. Re1 Na6 12. g4 Nd6 13. Qd4 f6 14. Bh6 Rf7
15. Re3 Nc5 16. Rae1 a5 17. Bd3 a4 18. c4 Ba6 19. R3e2 Rb8 20. Bc1 Qf8 21. h3
Qg7 22. Bb2 g5 23. Re3 h5 24. gxh5 Rbf8 25. Bg6 Bxc4 26. Nd2 Ba6 27. c4 Nb3 28.
Nxb3 axb3 29. c5 bxc5 30. Qxc5 Nc4 31. Bxf7+ Rxf7 32. Re8+ Kh7 33. R1e7 Nd6 34.
Rxf7 Qxf7 35. Re3 Kh6 36. Rf3 Qxh5 37. Rxf6+ Kh7 38. Qd4 Ne8 39. Rf8 Kg6 40.
Qe4+ 1-0

[Event "Lloyds Bank Masters 2nd"]
[Site "London, Cumberland Hotel"]
[Date "1978.08.26"]
[Round "4.5"]
[White "Westerinen, Heikki MJ"]
[Black "Ginsburg, Mark"]
[Result "1-0"]
[WhiteElo "2450"]
[BlackElo "2335"]
[PlyCount "79"]
[EventDate "1978.08.24"]
[EventType "swiss"]
[EventRounds "10"]
[EventCountry "ENG"]
[SourceTitle "BritBase"]
[Source "John Saunders"]
[SourceDate "2023.12.16"]
[SourceVersion "1"]
[SourceVersionDate "2023.12.16"]
[SourceQuality "1"]

1. e4 c5 2. Nf3 d6 3. d4 Nf6 4. Nc3 cxd4 5. Nxd4 e6 6. g4 h6 7. Bg2 Nc6 8. h3
Bd7 9. O-O Nxd4 10. Qxd4 Bc6 11. b4 Qb6 12. Qc4 Be7 13. Be3 Qd8 14. Rad1 Rc8
15. Qb3 Qc7 16. Rd3 b6 17. f4 g6 18. Rf2 Nd7 19. Bd4 O-O 20. f5 Bh4 21. Rfd2
Bg5 22. Rd1 Rfe8 23. Bf2 Ne5 24. Rxd6 Ba8 25. Nb5 Qxc2 26. Nxa7 Qxb3 27. axb3
Rc2 28. fxe6 fxe6 29. Bd4 Rxg2+ 30. Kxg2 Bxe4+ 31. Kf1 Rf8+ 32. Bf2 Be3 33. Rd8
Bg5 34. Rxf8+ Kxf8 35. Bxb6 Bc2 36. Re1 Nd3 37. Rxe6 Bxb3 38. Re4 Bd2 39. Ke2
Bd5 40. Kxd3 1-0

[Event "Lloyds Bank Masters 2nd"]
[Site "London, Cumberland Hotel"]
[Date "1978.08.26"]
[Round "4.6"]
[White "Van der Sterren, Paul"]
[Black "Forintos, Gyozo Victor"]
[Result "1-0"]
[WhiteElo "2400"]
[BlackElo "2435"]
[PlyCount "63"]
[EventDate "1978.08.24"]
[EventType "swiss"]
[EventRounds "10"]
[EventCountry "ENG"]
[SourceTitle "BritBase"]
[Source "John Saunders"]
[SourceDate "2023.12.16"]
[SourceVersion "1"]
[SourceVersionDate "2023.12.16"]
[SourceQuality "1"]

1. e4 g6 2. d4 Bg7 3. Nc3 d6 4. f4 Nc6 5. Be3 Nf6 6. Nf3 O-O 7. Be2 e5 8. fxe5
dxe5 9. d5 Ng4 10. Bc5 Nd4 11. Nxd4 exd4 12. Bxd4 Qh4+ 13. g3 Qh3 14. Bxg7 Qg2
15. Rf1 Nxh2 16. Be5 Bg4 17. Qd3 Nxf1 18. Bxf1 Qh1 19. Bf6 Rfe8 20. Kd2 Qh2+
21. Be2 b5 22. e5 Rab8 23. Rf1 b4 24. Ne4 Bf5 25. g4 Bxg4 26. Rf2 Qg1 27. Bxg4
Qxg4 28. Qe3 Qh5 29. Bg5 Kh8 30. Qf4 f5 31. Nf6 Qh1 32. Rh2 1-0

[Event "Lloyds Bank Masters 2nd"]
[Site "London, Cumberland Hotel"]
[Date "1978.08.26"]
[Round "4.7"]
[White "Friedgood, David"]
[Black "Kraidman, Yair"]
[Result "1/2-1/2"]
[WhiteElo "2310"]
[BlackElo "2455"]
[PlyCount "104"]
[EventDate "1978.08.24"]
[EventType "swiss"]
[EventRounds "10"]
[EventCountry "ENG"]
[SourceTitle "BritBase"]
[Source "John Saunders"]
[SourceDate "2023.12.16"]
[SourceVersion "1"]
[SourceVersionDate "2023.12.16"]
[SourceQuality "1"]

1. c4 Nf6 2. Nf3 g6 3. Nc3 Bg7 4. e4 O-O 5. d4 c5 6. dxc5 Qa5 7. Bd3 Na6 8. O-O
Nxc5 9. e5 Ng4 10. Nd5 Qd8 11. Bg5 f6 12. exf6 exf6 13. Bf4 d6 14. Bc2 Ne5 15.
Nxe5 fxe5 16. Be3 Ne6 17. Be4 Nd4 18. Bxd4 exd4 19. Qd3 a5 20. Rae1 Kh8 21. Re2
Bd7 22. f4 Rb8 23. a4 Bxa4 24. Bxg6 Qh4 25. Rf3 Bd7 26. Re7 Bg4 27. Rg3 b5 28.
Bxh7 Rbe8 29. Qe4 Qxh7 30. Rxe8 Qxe4 31. Rxe4 Bf5 32. Re7 Bh6 33. cxb5 d3 34.
Kf2 Rc8 35. Rc7 Rxc7 36. Nxc7 Bxf4 37. Nd5 d2 38. Ke2 Bxg3 39. hxg3 Bd3+ 40.
Kxd2 Bxb5 41. Ke3 Bc6 42. Nb6 Bxg2 43. Nc4 a4 44. Nxd6 Kg7 45. Kd4 Kf6 46. Kc5
Bh3 47. Kb4 Bd7 48. Nb5 Kf5 49. Kxa4 Kg4 50. Kb4 Kxg3 51. Kc5 Kf4 52. b3 Ke3
1/2-1/2

[Event "Lloyds Bank Masters 2nd"]
[Site "London, Cumberland Hotel"]
[Date "1978.08.26"]
[Round "4.8"]
[White "Iskov, Gert"]
[Black "Balinas, Rosendo Carrean"]
[Result "1-0"]
[WhiteElo "2395"]
[BlackElo "2440"]
[PlyCount "61"]
[EventDate "1978.08.24"]
[EventType "swiss"]
[EventRounds "10"]
[EventCountry "ENG"]
[SourceTitle "BritBase"]
[Source "John Saunders"]
[SourceDate "2023.12.16"]
[SourceVersion "1"]
[SourceVersionDate "2023.12.16"]
[SourceQuality "1"]

1. e4 d6 2. d4 Nf6 3. Nc3 g6 4. f4 Bg7 5. Nf3 O-O 6. Bd3 c6 7. O-O Qb6 8. e5
Nd5 9. Nxd5 cxd5 10. c3 Bg4 11. Rf2 e6 12. h3 Bxf3 13. Qxf3 Nd7 14. Be3 Qc6 15.
Qe2 a6 16. a4 f6 17. exd6 f5 18. c4 dxc4 19. Bxc4 Qxd6 20. Bd2 Rfe8 21. Re1
Bxd4 22. Be3 Bg7 23. Rd1 Qe7 24. Qc2 Kh8 25. Rfd2 Rad8 26. Qb3 e5 27. Qxb7 exf4
28. Bf2 Qg5 29. Rxd7 Rb8 30. Rxg7 Rxb7 31. Rxb7 1-0

[Event "Lloyds Bank Masters 2nd"]
[Site "London, Cumberland Hotel"]
[Date "1978.08.26"]
[Round "4.10"]
[White "Nicholson, John Graham"]
[Black "Short, Nigel D"]
[Result "1-0"]
[WhiteElo "2290"]
[BlackElo "2225"]
[PlyCount "84"]
[EventDate "1978.08.24"]
[EventType "swiss"]
[EventRounds "10"]
[EventCountry "ENG"]
[SourceTitle "JG Nicholson Collection"]
[Source "John Nicholson"]
[SourceDate "2024.04.12"]
[SourceVersion "1"]
[SourceVersionDate "2024.04.12"]
[SourceQuality "1"]

1. e4 e6 2. d4 d5 3. Nd2 Nc6 4. Ngf3 Nf6 5. e5 Nd7 6. Bd3 Nb4 7. Be2 c5 8. c3
Nc6 9. O-O cxd4 10. cxd4 Be7 11. Re1 Qb6 12. Nb3 a5 13. a4 O-O 14. Bd3 f6 15.
exf6 Nxf6 16. h3 Kh8 17. Bg5 Bd7 18. Bb1 Rae8 19. Re3 Bc8 20. Ne5 Nxe5 21. dxe5
Ne4 22. Bxe7 Rxe7 23. Bxe4 dxe4 24. Qd6 Qxd6 25. exd6 Ref7 26. Nc5 b6 27. Nxe4
Bb7 28. Rd1 h6 29. f3 Bc6 30. Nc3 Bd7 31. Rd4 Kg8 32. Rc4 Rf4 33. Rc7 Rd8 34.
Re4 Rxe4 35. fxe4 e5 36. Rb7 Bc6 37. Rxb6 Rxd6 38. Ra6 Kf7 39. Rxa5 Rd2 40. Rc5
Be8 41. b4 g5 42. Rxe5 Rd4 {Source: John Nicholson} 1-0

[Event "Lloyds Bank Masters 2nd"]
[Site "London, Cumberland Hotel"]
[Date "1978.08.26"]
[Round "4.11"]
[White "Tatai, Stefano"]
[Black "Freeman, Michael Joseph"]
[Result "1-0"]
[WhiteElo "2455"]
[BlackElo "2065"]
[PlyCount "63"]
[EventDate "1978.08.24"]
[EventType "swiss"]
[EventRounds "10"]
[EventCountry "ENG"]
[SourceTitle "BritBase"]
[Source "John Saunders"]
[SourceDate "2023.12.16"]
[SourceVersion "1"]
[SourceVersionDate "2023.12.16"]
[SourceQuality "1"]

1. d4 d5 2. c4 c6 3. cxd5 cxd5 4. Nc3 Nf6 5. Bf4 e6 6. e3 Bd6 7. Bxd6 Qxd6 8.
Bd3 O-O 9. f4 b6 10. Nf3 Ba6 11. O-O Bxd3 12. Qxd3 a6 13. Ne5 b5 14. Rac1 Nbd7
15. Rc2 Rac8 16. Rfc1 Nb6 17. a4 Nxa4 18. Nxa4 Rxc2 19. Qxc2 bxa4 20. Qxa4 Ne4
21. b4 f6 22. Nc6 g5 23. fxg5 fxg5 24. Qxa6 Rf2 25. b5 Qf8 26. Ne5 Nc3 27.
Qxe6+ Kh8 28. Nf3 Rxf3 29. gxf3 Ne2+ 30. Kg2 Nxc1 31. Qe5+ Kg8 32. Qxd5+ 1-0

[Event "Lloyds Bank Masters 2nd"]
[Site "London, Cumberland Hotel"]
[Date "1978.08.26"]
[Round "4.12"]
[White "MacPherson, Hugh Dugald"]
[Black "King, Andrew J"]
[Result "1-0"]
[WhiteElo "2315"]
[BlackElo "2065"]
[PlyCount "49"]
[EventDate "1978.08.24"]
[EventType "swiss"]
[EventRounds "10"]
[EventCountry "ENG"]
[SourceTitle "BritBase"]
[Source "John Saunders"]
[SourceDate "2023.12.16"]
[SourceVersion "1"]
[SourceVersionDate "2023.12.16"]
[SourceQuality "1"]

1. g3 Nf6 2. Bg2 e6 3. Nf3 c5 4. O-O Be7 5. d3 d5 6. Nbd2 O-O 7. e4 Nc6 8. Re1
b5 9. e5 Ne8 10. Nf1 Nc7 11. h4 c4 12. d4 b4 13. N1h2 Nb5 14. Be3 a5 15. Ng5 f6
16. exf6 Bxf6 17. c3 h6 18. f4 bxc3 19. bxc3 Nxc3 20. Qh5 Nxd4 21. Ng4 Nf5 22.
Bc5 Be7 23. Bd4 Nxd4 24. Nxh6+ gxh6 25. Qg6+ 1-0

[Event "Lloyds Bank Masters 2nd"]
[Site "London, Cumberland Hotel"]
[Date "1978.08.26"]
[Round "4.14"]
[White "Hillyard, Graham D"]
[Black "Kopec, Danny"]
[Result "1/2-1/2"]
[WhiteElo "2250"]
[BlackElo "2310"]
[PlyCount "84"]
[EventDate "1978.08.24"]
[EventType "swiss"]
[EventRounds "10"]
[EventCountry "ENG"]
[SourceTitle "BritBase"]
[Source "John Saunders"]
[SourceDate "2024.03.28"]
[SourceVersion "1"]
[SourceVersionDate "2024.03.28"]
[SourceQuality "1"]

1. d4 Nf6 2. Nf3 b6 3. c4 e6 4. e3 Bb4+ 5. Nbd2 Bb7 6. a3 Be7 (6... Bxd2+ {
was probably better}) 7. Bd3 d6 8. b3 c5 9. Bb2 O-O 10. O-O Nc6 11. Qe2 Rc8 12.
e4 cxd4 13. Nxd4 Nxd4 14. Bxd4 Nd7 15. Rfd1 (15. Nf3) 15... Ne5 16. Bb1 Bf6 17.
Ra2 Qe7 18. Nf1 Rfd8 19. Rad2 {White offered a draw here} Nd7 20. Bxf6 Nxf6 21.
Ng3 Qc7 22. Nh5 Nxh5 23. Qxh5 h6 24. Qh4 Rd7 25. Rd3 d5 26. exd5 exd5 27. Rd4
Rcd8 28. Qg4 Qe5 29. Qf5 Qxf5 30. Bxf5 Re7 31. g3 Rde8 32. cxd5 Re1+ 33. Rxe1
Rxe1+ 34. Kg2 Re5 35. Bc2 Rxd5 36. Rxd5 Bxd5+ 37. f3 Kf8 38. Kf2 Ke7 39. Ke3
Kd7 40. f4 Kc7 41. Kd3 a5 42. Kc3 Bb7 {Source: Andy Ansel, 30 June 2024}
1/2-1/2

[Event "Lloyds Bank Masters 2nd"]
[Site "London, Cumberland Hotel"]
[Date "1978.08.26"]
[Round "4.15"]
[White "James, Geoffrey H"]
[Black "Evans, Larry D"]
[Result "0-1"]
[WhiteElo "2230"]
[BlackElo "2440"]
[PlyCount "70"]
[EventDate "1978.08.24"]
[EventType "swiss"]
[EventRounds "10"]
[EventCountry "ENG"]
[SourceTitle "BritBase"]
[Source "John Saunders"]
[SourceDate "2023.12.16"]
[SourceVersion "1"]
[SourceVersionDate "2023.12.16"]
[SourceQuality "1"]

1. e4 c5 2. Nf3 d6 3. d4 cxd4 4. Nxd4 Nf6 5. Nc3 a6 6. Be2 e6 7. O-O Be7 8. Be3
O-O 9. f4 Nc6 10. Qe1 Nxd4 11. Bxd4 b5 12. Bd3 Bb7 13. a3 Bc6 14. Rd1 Qd7 15.
Kh1 Qb7 16. Rd2 Rad8 17. e5 $6 (17. Qg3 $11) 17... dxe5 18. fxe5 $2 (18. Bxe5)
18... Rxd4 19. exf6 Rg4 $1 20. Ne4 gxf6 21. Ng3 Kh8 22. Re2 Rfg8 23. Qc3 R8g5
24. Rxf6 Rc5 25. Rfxe6+ Rxc3 26. Rxe7 Rxd3 27. cxd3 Qc8 28. Kg1 Kg8 29. Nh5 Kf8
30. g3 Qd8 31. R7e3 Qd7 32. Kf1 Rg5 33. Nf4 Rc5 34. b4 Rc1+ 35. Kf2 Ra1 {
Source: G H James via Brian Denman, contributed 21 July 2021} 0-1

[Event "Lloyds Bank Masters 2nd"]
[Site "London, Cumberland Hotel"]
[Date "1978.08.26"]
[Round "4.19"]
[White "Grossmann, W"]
[Black "Casse, Rey F"]
[Result "1-0"]
[WhiteElo "2120"]
[BlackElo "1985"]
[PlyCount "59"]
[EventDate "1978.08.24"]
[EventType "swiss"]
[EventRounds "10"]
[EventCountry "ENG"]
[SourceTitle "BritBase"]
[Source "John Saunders"]
[SourceDate "2023.12.16"]
[SourceVersion "1"]
[SourceVersionDate "2023.12.16"]
[SourceQuality "1"]

1. e4 c5 2. Nf3 e6 3. d4 cxd4 4. Nxd4 Nf6 5. Nc3 d6 6. Be3 a6 7. Be2 Qc7 8. O-O
Be7 9. f4 O-O 10. f5 e5 11. Nb3 b5 12. a3 Bb7 13. Bf3 Nbd7 14. g4 Nb6 15. g5
Nfd7 16. Na5 Nc4 17. Nxc4 bxc4 18. Bg4 Rfd8 19. f6 Bf8 20. fxg7 Bxg7 21. Bf5
Nf8 22. Rf3 f6 23. gxf6 Bxf6 24. Rg3+ Kh8 25. Nd5 Bxd5 26. Qxd5 Ng6 27. Bxg6
hxg6 28. Rh3+ Kg7 29. Bh6+ Kh7 30. Bf8+ 1-0

[Event "Lloyds Bank Masters 2nd"]
[Site "London, Cumberland Hotel"]
[Date "1978.08.26"]
[Round "4.23"]
[White "Flesch, Janos"]
[Black "Rind, Bruce L"]
[Result "1-0"]
[WhiteElo "2435"]
[BlackElo "2390"]
[PlyCount "117"]
[EventDate "1978.08.24"]
[EventType "swiss"]
[EventRounds "10"]
[EventCountry "ENG"]
[SourceTitle "BritBase"]
[Source "John Saunders"]
[SourceDate "2023.12.16"]
[SourceVersion "1"]
[SourceVersionDate "2023.12.16"]
[SourceQuality "1"]

1. Nf3 c5 2. b3 Nf6 3. Bb2 g6 4. c4 Bg7 5. Nc3 O-O 6. g3 Nc6 7. Bg2 e5 8. O-O
d6 9. d3 Rb8 10. Nd2 Be6 11. a3 Qd7 12. Nd5 Bh3 13. Nxf6+ Bxf6 14. Ne4 Be7 15.
Nc3 Bxg2 16. Kxg2 Bf6 17. b4 Bg7 18. Qa4 b6 19. Nd5 Rb7 20. Bc3 f5 21. f4 Qe8
22. e3 Rbf7 23. Rae1 Qa8 24. Kg1 Qb7 25. Qb3 Qd7 26. Qa4 Qb7 27. Qc2 Ne7 28.
bxc5 Nxd5 29. cxd5 Qxd5 30. fxe5 dxe5 31. cxb6 axb6 32. Bb4 Rd8 33. Rd1 Rfd7
34. e4 Qe6 35. Qe2 fxe4 36. dxe4 Rd4 37. Bc3 Rxd1 38. Rxd1 Rxd1+ 39. Qxd1 Bf8
40. Qd8 Qc4 41. Bb4 Qf7 42. Qxb6 Bxb4 43. axb4 Qf3 44. Qe6+ Kf8 45. Qxe5 Qe3+
46. Kg2 Qd2+ 47. Kf3 Qxh2 48. b5 Qh1+ 49. Kg4 Kg8 50. Kg5 Qf3 51. b6 Qe3+ 52.
Kf6 Qxb6+ 53. Qe6+ Qxe6+ 54. Kxe6 h5 55. Kf6 Kf8 56. Kxg6 h4 57. gxh4 Kg8 58.
e5 Kf8 59. Kf6 1-0

[Event "Lloyds Bank Masters 2nd"]
[Site "London, Cumberland Hotel"]
[Date "1978.08.26"]
[Round "4.27"]
[White "Britton, Richard L"]
[Black "Silman, Jeremy D"]
[Result "0-1"]
[WhiteElo "2235"]
[BlackElo "2360"]
[PlyCount "70"]
[EventDate "1978.08.24"]
[EventType "swiss"]
[EventRounds "10"]
[EventCountry "ENG"]
[SourceTitle "BritBase"]
[Source "John Saunders"]
[SourceDate "2023.12.16"]
[SourceVersion "1"]
[SourceVersionDate "2023.12.16"]
[SourceQuality "1"]

1. e4 c5 2. Nf3 Nc6 3. Nc3 g6 4. d4 cxd4 5. Nxd4 Bg7 6. Be3 Nf6 7. Bc4 Qa5 8.
O-O O-O 9. Nb3 Qc7 10. f4 d6 11. Be2 b6 12. Kh1 Bb7 13. Bf3 Na5 14. Nxa5 bxa5
15. a4 Bc6 16. Qd3 Nd7 17. Rad1 Nb6 18. b3 Rac8 19. Ne2 Bb7 20. c4 Nd7 21. e5
Bxf3 22. gxf3 Nc5 23. exd6 exd6 24. Qxd6 Nxb3 25. Qxc7 Rxc7 26. Rb1 Nc5 27. Rb5
Nxa4 28. Rxa5 Rxc4 29. Kg2 Re8 30. Kf2 Bf6 31. Rd1 Nb2 32. Rd7 Bh4+ 33. Ng3
Rc2+ 34. Bd2 Nc4 35. Rad5 Nb6 {Contributed by Andy Ansel} 0-1

[Event "Lloyds Bank Masters 2nd"]
[Site "London, Cumberland Hotel"]
[Date "1978.08.26"]
[Round "4.30"]
[White "Quigley, Stephen"]
[Black "Harding, Timothy David"]
[Result "1-0"]
[WhiteElo "2170"]
[BlackElo "2230"]
[Annotator "Harding,Tim"]
[PlyCount "133"]
[EventDate "1978.08.24"]
[EventType "swiss"]
[EventRounds "10"]
[EventCountry "ENG"]
[SourceTitle "Tim Harding"]
[Source "Tim Harding"]
[SourceDate "2023.12.23"]
[SourceVersion "1"]
[SourceVersionDate "2023.12.23"]
[SourceQuality "1"]

1. e4 e6 2. Bd3 d5 3. c3 Nf6 4. exd5 exd5 5. Ne2 Bd6 6. Bc2 Nc6 7. d4 Bg4 8.
Bg5 Qe7 9. Nd2 Nd8 10. Nf1 Ne6 11. Bxf6 Qxf6 12. Ne3 Bh5 13. Qd2 Bxe2 14. Nxd5
Qh4 15. Qxe2 O-O-O 16. Ne3 Rhe8 17. O-O-O g6 18. g3 Qg5 19. Kb1 f5 20. Qd2 Bf8
21. f4 Qf6 22. Rhe1 Bg7 23. Nc4 Nf8 24. Rxe8 Rxe8 25. Re1 Rxe1+ 26. Qxe1 Qe6
27. Qxe6+ Nxe6 28. Ne5 Kd8 29. Bb3 Nf8 30. Kc2 Bf6 31. Kd3 Nd7 32. h4 Nf8 33.
a4 Ke7 34. a5 a6 35. Bd5 c6 36. Bxc6 bxc6 37. Nxc6+ Kd6 38. Nb4 Bd8 39. Nxa6
Bxa5 40. Nc5 Bb6 41. Nb3 Ne6 42. Nc1 Bd8 43. Ne2 h6 44. b4 Ng7 45. c4 Nh5 46.
c5+ Kc7 47. d5 g5 48. hxg5 hxg5 49. fxg5 Bxg5 50. Nd4 Ng7 51. b5 f4 52. gxf4
Bxf4 53. Kc4 Kd7 54. b6 Ne8 55. b7 Bb8 56. Nc6 Kc7 57. Nxb8 Kxb7 58. Nd7 Kc7
59. Ne5 Nf6 60. Kd4 Ne8 61. Nc4 Kd7 62. c6+ Kc8 63. d6 Nxd6 64. Nxd6+ Kc7 65.
Kc5 Kb8 66. Kb6 Ka8 67. Kc7 {Source: Tim Harding personal database. My
opponent was the newly crowned British Under-18 champion.} 1-0

[Event "Lloyds Bank Masters 2nd"]
[Site "London, Cumberland Hotel"]
[Date "1978.08.26"]
[Round "4.31"]
[White "Lind, Jan Olov"]
[Black "Harman, Ronald FA"]
[Result "1-0"]
[WhiteElo "2205"]
[BlackElo "2070"]
[PlyCount "73"]
[EventDate "1978.08.24"]
[EventType "swiss"]
[EventRounds "10"]
[EventCountry "ENG"]
[SourceTitle "BritBase"]
[Source "John Saunders"]
[SourceDate "2023.12.16"]
[SourceVersion "1"]
[SourceVersionDate "2023.12.16"]
[SourceQuality "1"]

1. e4 d5 2. exd5 Nf6 3. d4 Nxd5 4. Nf3 g6 5. Be2 Bg7 6. O-O O-O 7. h3 Nc6 8. c4
Nb6 9. Be3 e5 10. d5 Ne7 11. Nc3 h6 12. Qd2 Nf5 13. c5 Nd7 14. b4 Re8 15. Rad1
a5 16. a3 Nf8 17. Bb5 Bd7 18. c6 bxc6 19. dxc6 Be6 20. Qxd8 Rexd8 21. Rxd8 Rxd8
22. bxa5 Nxe3 23. fxe3 Ra8 24. a6 Bc8 25. Nd5 Ne6 26. Ne7+ Kf8 27. Nxc8 Rxc8
28. Bc4 Ke7 29. Rd1 Nd8 30. Rd7+ Kf6 31. a7 Bf8 32. Rxc7 Ra8 33. Rb7 Bd6 34.
Rd7 Bc5 35. c7 Bxe3+ 36. Kf1 Nc6 37. Rxf7# 1-0

[Event "Lloyds Bank Masters 2nd"]
[Site "London, Cumberland Hotel"]
[Date "1978.08.26"]
[Round "4.33"]
[White "Muir, Andrew J"]
[Black "Hawksworth, John C"]
[Result "1-0"]
[WhiteElo "2110"]
[BlackElo "2065"]
[PlyCount "93"]
[EventDate "1978.08.24"]
[EventType "swiss"]
[EventRounds "10"]
[EventCountry "ENG"]
[SourceTitle "BritBase"]
[Source "John Saunders"]
[SourceDate "2023.12.16"]
[SourceVersion "1"]
[SourceVersionDate "2023.12.16"]
[SourceQuality "1"]

1. e4 e6 2. d4 d5 3. Nd2 c5 4. Ngf3 Nc6 5. Bb5 a6 6. exd5 exd5 7. Bxc6+ bxc6 8.
O-O Bd6 9. dxc5 Bxc5 10. Nb3 Bd6 11. Qd4 f6 12. Bf4 Ne7 13. Rfe1 O-O 14. Bxd6
Qxd6 15. Qc5 Nf5 16. Re2 Bd7 17. Rae1 Rfe8 18. Qxd6 Nxd6 19. Rxe8+ Rxe8 20.
Rxe8+ Bxe8 21. Nc5 a5 22. Nd4 Nb5 23. Ndb3 Bg6 24. c3 a4 25. Nxa4 Bb1 26. a3
Bc2 27. Nac5 Bxb3 28. Nxb3 Nd6 29. Nd4 c5 30. Ne6 d4 31. cxd4 cxd4 32. Nxd4 Nc4
33. b3 Nxa3 34. Kf1 Nb1 35. Ke2 Nc3+ 36. Kd3 Nd5 37. g3 Nb6 38. Nc6 Kf7 39. Kd4
Ke6 40. b4 Kd6 41. b5 g6 42. Na5 Nd7 43. Nc4+ Kc7 44. Kd5 f5 45. b6+ Kb7 46.
Kd6 Nf6 47. f3 1-0

[Event "Lloyds Bank Masters 2nd"]
[Site "London, Cumberland Hotel"]
[Date "1978.08.26"]
[Round "4.35"]
[White "Branford, John W"]
[Black "Michaelides, Evan"]
[Result "1-0"]
[WhiteElo "2105"]
[BlackElo "2215"]
[PlyCount "49"]
[EventDate "1978.08.24"]
[EventType "swiss"]
[EventRounds "10"]
[EventCountry "ENG"]
[SourceTitle "BritBase"]
[Source "John Saunders"]
[SourceDate "2023.12.16"]
[SourceVersion "1"]
[SourceVersionDate "2023.12.16"]
[SourceQuality "1"]

1. e4 c5 2. Nf3 e6 3. d4 cxd4 4. Nxd4 Nf6 5. Nc3 d6 6. Be2 Be7 7. O-O Nc6 8.
Be3 O-O 9. Qe1 Bd7 10. Rd1 a6 11. f4 Qc7 12. Qg3 Kh8 13. Bd3 b5 14. a3 Rab8 15.
Nxc6 Bxc6 16. Bd4 b4 17. e5 dxe5 18. fxe5 Nd7 19. Ne2 bxa3 20. Qh3 g6 21. Nf4
Bc5 22. Bxc5 Nxc5 23. Bxg6 fxg6 24. Nxg6+ Kg7 25. Nxf8 1-0

[Event "Lloyds Bank Masters 2nd"]
[Site "London, Cumberland Hotel"]
[Date "1978.08.26"]
[Round "4.38"]
[White "De Firmian, Nick E"]
[Black "Patterson, Nicholas James"]
[Result "1-0"]
[WhiteElo "2390"]
[BlackElo "2360"]
[PlyCount "45"]
[EventDate "1978.08.24"]
[EventType "swiss"]
[EventRounds "10"]
[EventCountry "ENG"]
[SourceTitle "BritBase"]
[Source "John Saunders"]
[SourceDate "2023.12.16"]
[SourceVersion "1"]
[SourceVersionDate "2023.12.16"]
[SourceQuality "1"]

1. e4 c5 2. Nf3 d6 3. d4 cxd4 4. Nxd4 Nf6 5. Nc3 a6 6. Bg5 e6 7. f4 Qb6 8. Qd2
Qxb2 9. Nb3 Qa3 10. Bd3 Nc6 11. O-O Be7 12. Rae1 h6 13. Bh4 O-O 14. Rf3 Bd7 15.
e5 dxe5 16. fxe5 Nd5 17. Nxd5 exd5 18. Rg3 Qb4 19. Rxg7+ Kxg7 20. Bf6+ Bxf6 21.
exf6+ Kg8 22. Qxh6 Qxe1+ 23. Bf1 1-0

[Event "Lloyds Bank Masters 2nd"]
[Site "London, Cumberland Hotel"]
[Date "1978.08.26"]
[Round "4.41"]
[White "Henshaw, John C"]
[Black "Hodgson, Julian M"]
[Result "0-1"]
[WhiteElo "2215"]
[BlackElo "2265"]
[PlyCount "60"]
[EventDate "1978.08.24"]
[EventType "swiss"]
[EventRounds "10"]
[EventCountry "ENG"]
[SourceTitle "BritBase"]
[Source "John Saunders"]
[SourceDate "2023.12.16"]
[SourceVersion "1"]
[SourceVersionDate "2023.12.16"]
[SourceQuality "1"]

1. e4 c6 2. d4 d5 3. exd5 cxd5 4. c4 Nf6 5. Nc3 g6 6. cxd5 Bg7 7. Bc4 O-O 8.
Nge2 Nbd7 9. Bb3 Nb6 10. Nf4 Bf5 11. O-O Rc8 12. Re1 h6 13. h3 g5 14. Nh5 Nxh5
15. Qxh5 Bg6 16. Qd1 Nc4 17. h4 gxh4 18. Qg4 Nd6 19. Bf4 h5 20. Qd1 Qd7 21. Be5
h3 22. g3 h4 23. gxh4 Qf5 24. Bxg7 Kxg7 25. Re5 Qf4 26. h5 Bf5 27. Qe2 Qg5+ 28.
Kf1 h2 29. Qf3 Qg1+ 30. Ke2 Qxa1 {Source: J C Henshaw via Brian Denman,
contributed 21 July 2021} 0-1

[Event "Lloyds Bank Masters 2nd"]
[Site "London, Cumberland Hotel"]
[Date "1978.08.26"]
[Round "4.48"]
[White "Reddin, Roy"]
[Black "Chandon Moet, J"]
[Result "1-0"]
[WhiteElo "1890"]
[BlackElo "1890"]
[PlyCount "41"]
[EventDate "1978.08.24"]
[EventType "swiss"]
[EventRounds "10"]
[EventCountry "ENG"]
[SourceTitle "BritBase"]
[Source "John Saunders"]
[SourceDate "2023.12.16"]
[SourceVersion "1"]
[SourceVersionDate "2023.12.16"]
[SourceQuality "1"]

1. e4 c6 2. d4 d5 3. exd5 cxd5 4. c4 Nf6 5. Nc3 g6 6. Nf3 Bg7 7. Bg5 e6 8. cxd5
exd5 9. Bb5+ Nc6 10. Qa4 Qd6 11. Ne5 Bd7 12. Bf4 Qe6 13. O-O O-O 14. Rae1 Nxe5
15. dxe5 Bxb5 16. Qxb5 Rfe8 17. exf6 Qxe1 18. fxg7 d4 19. Nd5 Re2 20. Bh6 Re6
21. Nf6+ 1-0